000 00696pam a2200241 a 4500
001 1633314
005 20231204004425.0
008 960214s1996 enk b 001 0 eng
020 _a0415141753 (cloth)
020 _a0415141761 (paper)
040 _aDLC
_cDLC
_dDLC
082 0 0 _a305.42
_220
_bLUC.
100 1 _aSargisson, Lucy,
245 1 0 _aContemporary feminist utopianism /
_cLucy Sargisson.
260 _aLondon ;
_aNew York :
_bRoutledge,
_c1996.
300 _ax, 258 p. ;
490 1 _aWomen and politics
650 0 _aUtopias.
650 0 _aFeminist theory.
650 0 _aFeminist criticism.
856 4 2 _uhttp://www.loc.gov/catdir/enhancements/fy0649/96007014-d.html
942 _cL
999 _c120
_d120